| 000 | 00587cam a2200145 4500500 | ||
|---|---|---|---|
| 005 | 20251012024229.0 | ||
| 041 | _afre | ||
| 042 | _adc | ||
| 100 | 1 | 0 |
_aPetit, Anne _eauthor |
| 245 | 0 | 0 | _aBooktok, le phénomène des influenceurs littéraires et de la production de contenus : entre compréhension et mise en pratique |
| 260 | _c2025. | ||
| 500 | _a30 | ||
| 786 | 0 | _nI2D - Information, données & documents | Juillet | 1 | 2025-07-22 | p. 40-52 | 2428-2111 | |
| 856 | 4 | 1 | _uhttps://shs.cairn.info/revue-i2d-information-donnees-documents-2025-1-page-40?lang=fr&redirect-ssocas=7080 |
| 999 |
_c1543625 _d1543625 |
||